00413nam a22001457a 450000500170000000800410001702000160005804100120007408200120008610000120009824500520011026000490016230000310021165000250024220240816072435.0240816b |||||||| |||| 00| 0 eng d a0406879591  aEnglish a349 ENG lEnglish aThe All England Law Reports: Annual Review 1982 aLondon:bButterworth and Company Ltd, c1982 bxxxi, 317 pages; c25 cm.  aLegal practice bLaw